Boletín Pueblos Indígenas y Tribales /
Tallennettuna:
| Yhteisötekijä: | |
|---|---|
| Aineistotyyppi: | Kirja |
| Kieli: | Spanish |
| Tagit: |
Lisää tagi
Ei tageja, Lisää ensimmäinen tagi!
|
MARC
| LEADER | 00000nam a22000007a 4500 | ||
|---|---|---|---|
| 003 | cru CIDCACS/IIS | ||
| 005 | 20231128100109.0 | ||
| 008 | 231128b |||||||| |||| 00| 0 spa d | ||
| 040 | |c cru CIDCACS/IIS | ||
| 090 | |a REV1693 | ||
| 110 | |a Organización Internacional del Trabajo (OIT) |9 8479 | ||
| 245 | 1 | |a Boletín Pueblos Indígenas y Tribales / |c Organización Internacional del Trabajo | |
| 500 | |a EXISTENCIAS : 2008 | ||
| 942 | |2 ddc |c PP | ||
| 999 | |c 45374 |d 45374 | ||
